• 首页
  • 本馆介绍
  • 公告通知
  • 最新文献
  • 馆藏检索
  • 电子资源
  • 读者荐购
  • 参考咨询
  • CALIS
  • 我的图书馆
  • 登录
  • 详细信息显示
  • 放入我的书架
  • 预约/预借图书
  • 作者相关作品
  • 分类相关作品
  • 丛书相关作品
  • 出版社相关作品

书目信息

  • 表格格式
  • 工作单格式
  • 卡片格式
题名:
信息论与编码
    
 
作者: 陈运 , 周亮 , 陈新 编著
分册:  
出版信息: 北京   电子工业出版社  2004.02
页数: 260页
开本: 26cm
丛书名:
单 册:
中图分类: TN911.2
科图分类:
主题词: 信息论--xin xi lun--高等学校--教材 , 信源编码--xin yuan bian ma--高等学校--教材
电子资源:
ISBN: 7-5053-7805-8
 
 
 
 
 
000 00963nam0 2200277 450
001 012006117453
005 20060925102158.04
010    @a7-5053-7805-8@dCNY22.00
100    @a20060703d2004 km y0chiy0120 ea
101 0  @achi
102    @aCN@b110000
105    @aa a 000yy
200 1  @a信息论与编码@Axin xi lun yu bian ma@f陈运, 周亮, 陈新编著@Fchen yun,zhou liang,chen xin bian zhu
210    @a北京@c电子工业出版社@d2004.02
215    @a260页@c图@d26cm
320    @a有书目 (第260页)。
330    @a本书系统论述香农信息论. 主要介绍信息的定义、信息论的起源、发展及研究内容; 香农信息论的三个基本概念等.
333    @a高等学校电子信息科学与工程专业教材
606 0  @a信息论@Axin xi lun@x高等学校@j教材
606 0  @a信源编码@Axin yuan bian ma@x高等学校@j教材
690    @aTN911.2@v4
701  0 @a陈运@Achen yun@4编著
701  0 @a周亮@Azhou liang@4编著
701  0 @a陈新@Achen xin@4编著
801  0 @aCN@c20060925
905    @apdsgxy@dTN911.2@eC635
    
    信息论与编码/陈运, 周亮, 陈新编著.-北京:电子工业出版社,2004.02
    260页:图;26cm
    使用对象:高等学校电子信息科学与工程专业教材
    
    ISBN 7-5053-7805-8:CNY22.00
    本书系统论述香农信息论. 主要介绍信息的定义、信息论的起源、发展及研究内容; 香农信息论的三个基本概念等.
●
相关链接 在E读中查询图书 在当当中查询图书 在豆瓣中查询图书


正题名:信息论与编码     索取号:TN911.2/C635         预约/预借

序号 登录号 条形码 馆藏地/架位号 状态 备注
1 593318   205933187   自科库301/301自科库 34排2列1层/ [索取号:TN911.2/C635] 在馆    
2 593319   205933196   自科库301/301自科库 34排2列1层/ [索取号:TN911.2/C635] 在馆    
3 593320   205933203   期刊室512/301自科库 26排3列3层/ [索取号:TN911.2/C635] 在馆    
河南城建学院图书馆 欢迎您!
大连网信软件有限公司© 版权所有